[Event "5th Open"]
[Site "Sort ESP"]
[Date "2009.06.27"]
[Round "4"]
[White "Beltre,P"]
[Black "Kulkarni,R"]
[Result "0-1"]
[WhiteElo "1967"]
[BlackElo "2166"]
[EventDate "2009.06.24"]

1. e4 c5 2. Nf3 e6 3. d4 cxd4 4. Nxd4 a6 5. c4 Nf6 6. Nc3 Bb4 7. Bd3 Nc6 8.
Nf3 d5 9. exd5 exd5 10. O-O dxc4 11. Qe2+ Be7 12. Bxc4 O-O 13. Bg5 Bg4 14.
h3 Nd4 15. Qd1 Nxf3+ 16. gxf3 Bxh3 17. Qxd8 Rfxd8 18. Rfe1 Kf8 19. Re2 b5
20. Bb3 h6 21. Rae1 Re8 22. Bf4 Bc5 23. Be5 Bd7 24. Bxf6 gxf6 25. Rxe8+
Rxe8 26. Rxe8+ Bxe8 27. Nd5 Bc6 28. Nxf6 Bd4 29. Bd5 Bxd5 30. Nxd5 Bxb2 31.
Nc7 Be5 32. Nxa6 Bd6 33. Kg2 Ke7 34. Kh3 Kd7 35. Kg4 Kc8 36. Kh5 Kb7 37.
Kxh6 Kxa6 38. Kg7 f5 39. Kf6 f4 40. Ke6 Bc5 41. Ke5 Ka5 42. Kxf4 Bxf2 43.
Ke4 Kb4 44. f4 Ka3 45. f5 Kxa2 46. f6 Bc5 0-1

[Event "5th Open"]
[Site "Sort ESP"]
[Date "2009.06.27"]
[Round "4"]
[White "Meera,S"]
[Black "Edo Teys,E"]
[Result "1-0"]
[WhiteElo "2155"]
[BlackElo "1894"]
[EventDate "2009.06.24"]

1. e4 c5 2. Nc3 Nc6 3. f4 g6 4. Nf3 Bg7 5. Bc4 e6 6. f5 Nge7 7. fxe6 dxe6
8. O-O a6 9. a4 O-O 10. d3 Nd4 11. Kh1 Nec6 12. Bg5 Qd6 13. e5 Nxe5 14. Ne4
Qc7 15. Nxe5 Bxe5 16. Nf6+ Kh8 17. Qg4 h5 18. Qh3 Bxh2 19. Nxh5 e5 20. Qxh2
gxh5 21. Qxh5+ Kg8 22. Bf6 1-0

[Event "5th Open"]
[Site "Sort ESP"]
[Date "2009.06.28"]
[Round "5"]
[White "Teske,H"]
[Black "Pogorelov,R"]
[Result "1/2-1/2"]
[WhiteElo "2523"]
[BlackElo "2420"]
[EventDate "2009.06.24"]

1. Nf3 Nf6 2. c4 e6 3. Nc3 Bb4 4. g4 h6 5. d4 b6 6. Qb3 Bxc3+ 7. Qxc3 Bb7
8. Rg1 Qe7 9. g5 Ne4 10. Qb3 hxg5 11. Nxg5 Nxg5 12. Bxg5 f6 13. Bf4 Nc6 14.
O-O-O Nxd4 15. Rxd4 1/2-1/2

[Event "5th Open"]
[Site "Sort ESP"]
[Date "2009.06.28"]
[Round "5"]
[White "Kohlweyer,B"]
[Black "Barsov,A"]
[Result "1/2-1/2"]
[WhiteElo "2435"]
[BlackElo "2505"]
[EventDate "2009.06.24"]

1. Nf3 d5 2. d4 Nf6 3. c4 e6 4. g3 dxc4 5. Bg2 a6 6. O-O Nc6 7. Nc3 Rb8 8.
e4 Be7 9. Qe2 b5 10. Rd1 O-O 11. d5 exd5 12. e5 d4 13. exf6 Bxf6 14. Qe4
Bb7 15. Nd5 Nb4 16. Nxf6+ Qxf6 17. Qf4 c5 18. Qxf6 gxf6 19. Bf4 Rbd8 20.
Bc7 Rc8 21. Bd6 Rfd8 22. Be7 Re8 23. Bxf6 h6 24. a4 Nd3 25. axb5 axb5 26.
Rab1 Be4 27. Ne1 Nb4 28. Bxe4 Rxe4 29. Kf1 Nd5 30. Bh4 c3 31. Rdc1 c4 32.
bxc3 Nxc3 33. Rxc3 dxc3 34. Bf6 Ra8 35. Bxc3 Ra3 36. Bf6 Re6 37. Bd4 Re4
38. Bf6 Ra6 39. Bc3 Ra3 1/2-1/2

[Event "5th Open"]
[Site "Sort ESP"]
[Date "2009.06.28"]
[Round "5"]
[White "Roeder,M"]
[Black "Burmakin,V"]
[Result "0-1"]
[WhiteElo "2426"]
[BlackElo "2605"]
[EventDate "2009.06.24"]

1. d4 d5 2. c4 c6 3. Nf3 Nf6 4. Nc3 a6 5. e3 g6 6. Be2 Bg7 7. O-O O-O 8. b4
Bg4 9. a4 dxc4 10. Bxc4 e5 11. dxe5 Nfd7 12. Be2 Nxe5 13. Nxe5 Bxe2 14.
Qxe2 Bxe5 15. Bb2 Qe7 16. Qc4 Nd7 17. f4 Bg7 18. e4 a5 19. bxa5 Qc5+ 20.
Qxc5 Nxc5 21. e5 Rfd8 22. Rad1 Bf8 23. Ba3 Rxd1 24. Rxd1 Nxa4 25. Nxa4 Bxa3
26. Nb6 Rxa5 27. Rd8+ Kg7 28. Kf1 Bc5 29. e6 fxe6 30. Rd7+ Kh6 31. Nc8 Ra2
32. Rxb7 Rf2+ 33. Ke1 Rxg2 34. Rc7 Be3 35. Rxc6 Bxf4 36. Rxe6 Rxh2 37. Ne7
Rh5 38. Kf1 Re5 39. Rxe5 Bxe5 40. Kg2 Bd6 41. Nd5 Kg7 42. Kf3 h5 43. Ne3
Kh6 44. Ng2 g5 45. Nh4 g4+ 46. Kg2 Kg5 47. Nf3+ Kf4 48. Nh4 Bc7 49. Ng6+
Ke4 50. Kf2 Bd8 51. Kg3 Kf5 52. Nf8 h4+ 53. Kg2 h3+ 54. Kh1 g3 55. Nd7 g2+
0-1

[Event "5th Open"]
[Site "Sort ESP"]
[Date "2009.06.28"]
[Round "5"]
[White "Abhishek,K"]
[Black "Udeshi,A"]
[Result "0-1"]
[WhiteElo "2178"]
[BlackElo "2281"]
[EventDate "2009.06.24"]

1. e4 c5 2. Nf3 d6 3. d4 cxd4 4. Nxd4 Nf6 5. Nc3 a6 6. Be3 e5 7. Nb3 Be7 8.
Qd2 O-O 9. f4 Nc6 10. h3 exf4 11. Bxf4 Nh5 12. Bd3 Bh4+ 13. Ke2 Nxf4+ 14.
Qxf4 Bg5 15. Qf2 Be6 16. Raf1 Nb4 17. Kd1 Rc8 18. g4 b5 19. Qd4 Nc6 20. Qf2
Ne5 21. Nd5 Nxd3 22. cxd3 a5 23. Nf4 Bxb3+ 24. axb3 d5 25. Qd2 dxe4 26.
dxe4 Qe8 27. Qg2 Qe5 0-1

[Event "5th Open"]
[Site "Sort ESP"]
[Date "2009.06.28"]
[Round "5"]
[White "Priyadharshan,K"]
[Black "Girish,A"]
[Result "1-0"]
[WhiteElo "2411"]
[BlackElo "2270"]
[EventDate "2009.06.24"]

1. e4 c5 2. Nf3 Nc6 3. d4 cxd4 4. Nxd4 e5 5. Nb5 d6 6. N1c3 a6 7. Na3 b5 8.
Nd5 Nce7 9. Nb4 Nf6 10. c4 bxc4 11. Bxc4 Rb8 12. Nxa6 Rb6 13. Qa4+ Bd7 14.
Nb5 Nc8 15. Nbc7+ Ke7 16. Qa5 Bc6 17. Bg5 Kd7 18. Bxf7 Ke7 19. Bc4 Rxb2 20.
Nd5+ Bxd5 21. Qxd5 Qe8 22. Rc1 Kd8 23. Bb3 Qh5 24. Bxf6+ gxf6 25. O-O Qg4
26. Qb7 Rxb3 27. Qc7+ Ke8 28. Qxc8+ Qxc8 29. Rxc8+ Kf7 30. axb3 1-0

[Event "5th Open"]
[Site "Sort ESP"]
[Date "2009.06.28"]
[Round "5"]
[White "Movsziszian,K"]
[Black "Fandino Reyes,R"]
[Result "1-0"]
[WhiteElo "2556"]
[BlackElo "2185"]
[EventDate "2009.06.24"]

1. g3 Nf6 2. Bg2 d5 3. Nf3 c5 4. O-O e6 5. d3 Be7 6. Nbd2 O-O 7. e4 Nc6 8.
Re1 b5 9. e5 Nd7 10. Nf1 a5 11. h4 c4 12. d4 b4 13. N1h2 a4 14. h5 Ba6 15.
h6 g6 16. Bf4 Na5 17. Qc1 a3 18. bxa3 b3 19. cxb3 cxb3 20. Nd2 b2 21. Qxb2
Nc4 22. Nxc4 Bxc4 23. Nf3 Bxa3 24. Qd2 Qe7 25. Bg5 Qb4 26. Reb1 Qa4 27. Bf1
Rfb8 28. Bxc4 Qxc4 29. Kg2 Bb4 30. Qf4 Ba3 31. Rc1 Qa4 32. Bh4 Qa7 33. Rc6
Re8 34. Rac1 Rac8 35. Ng5 Nb8 36. R6c5 Bxc5 37. dxc5 Qe7 38. Nxh7 1-0

[Event "5th Open"]
[Site "Sort ESP"]
[Date "2009.06.28"]
[Round "5"]
[White "Debashis,D"]
[Black "Devangi,P"]
[Result "1-0"]
[WhiteElo "2352"]
[BlackElo "2078"]
[EventDate "2009.06.24"]

1. e4 e6 2. Qe2 d5 3. d3 Ne7 4. Nf3 c5 5. g3 Nbc6 6. Bg2 g6 7. O-O Bg7 8.
e5 b6 9. Re1 Qc7 10. c4 Ba6 11. Nc3 O-O 12. Nb5 Qd7 13. Bf4 Bxb5 14. cxb5
Na5 15. d4 c4 16. Reb1 Qxb5 17. b4 Nb7 18. a4 Qd7 19. Bd2 a6 20. h4 Nd8 21.
Bh3 Qc7 22. Bc3 Ndc6 23. Re1 b5 24. a5 Rae8 25. h5 gxh5 26. Nh4 Ng6 27.
Qxh5 Qe7 28. Nf3 Nxb4 29. Bxb4 Qxb4 30. Kg2 c3 31. Ng5 h6 32. Nxe6 fxe6 33.
Qxg6 Qxd4 34. Bxe6+ Rxe6 35. Qxe6+ Kh8 36. Re2 Qd3 37. Qg4 b4 38. e6 Qd4
39. Qh5 b3 40. e7 b2 41. exf8=Q+ Bxf8 42. Rae1 Qd3 43. Qf7 Bg7 44. Re8+ Kh7
45. Qg8+ Kg6 46. R8e6+ Kh5 47. Rh1+ 1-0

[Event "5th Open"]
[Site "Sort ESP"]
[Date "2009.06.28"]
[Round "5"]
[White "Saranya,J"]
[Black "Deshpande,Ani"]
[Result "0-1"]
[WhiteElo "1981"]
[BlackElo "2211"]
[EventDate "2009.06.24"]

1. e4 c5 2. Nf3 Nc6 3. Bb5 g6 4. Bxc6 dxc6 5. d3 Bg7 6. h3 Nf6 7. O-O O-O
8. Nc3 b6 9. Re1 Ne8 10. e5 Be6 11. Ng5 Nc7 12. f4 h6 13. Nge4 Qd7 14. Qf3
Rad8 15. Be3 Nd5 16. Bf2 Nxc3 17. bxc3 c4 18. d4 Bd5 19. g4 f5 20. exf6
exf6 21. f5 g5 22. Re3 Rfe8 23. Rae1 Kf7 24. Qd1 Bf8 25. Ng3 Rxe3 26. Rxe3
Bd6 27. Nf1 Re8 28. Rxe8 Qxe8 29. Ne3 Bf4 30. Nxd5 cxd5 31. Qb1 h5 32. gxh5
Kg7 33. Qb4 Kh6 34. Qa3 a5 35. Qb2 Bc7 36. Qc1 Qd7 37. Qe1 Qd6 38. Qe8 Qh2+
39. Kf1 Qxh3+ 40. Ke1 Qh1+ 41. Kd2 Bf4+ 42. Be3 Bxe3+ 43. Qxe3 Qh2+ 44. Ke1
Qh4+ 45. Kd1 Qg4+ 46. Ke1 Qxf5 47. Qe8 g4 48. Qh8+ Kg5 49. h6 Qe4+ 50. Kd2
Qf4+ 51. Kd1 Qf1+ 52. Kd2 Qg2+ 53. Ke3 Qh3+ 54. Kf2 Qxh6 55. Qg8+ Qg6 0-1

[Event "5th Open"]
[Site "Sort ESP"]
[Date "2009.06.28"]
[Round "5"]
[White "Colovic,A"]
[Black "Meera,S"]
[Result "1/2-1/2"]
[WhiteElo "2443"]
[BlackElo "2155"]
[EventDate "2009.06.24"]

1. e4 c5 2. Ne2 d6 3. c4 Nc6 4. d4 cxd4 5. Nxd4 Nf6 6. Nc3 g6 7. Be2 Bg7 8.
Be3 O-O 9. O-O a6 10. Qd2 Ng4 11. Bxg4 Bxg4 12. f4 Nxd4 13. Bxd4 e5 14. Be3
exf4 15. Bxf4 Qb6+ 16. Be3 Qb4 17. Rac1 Qxc4 18. Nd5 Qe2 19. Nf6+ Bxf6 20.
Qxe2 Bxe2 21. Rxf6 Rac8 22. Rxc8 Rxc8 23. Rxd6 Bb5 24. e5 Re8 25. Bf4 Re6
26. Rd8+ Kg7 27. Rc8 Re7 28. h4 h6 29. Bd2 f6 30. exf6+ Kxf6 31. Bxh6 Re1+
32. Kh2 Re2 33. Rf8+ Ke7 34. Rg8 Kf6 35. Rf8+ Ke7 36. Rg8 Kf6 1/2-1/2

[Event "5th Open"]
[Site "Sort ESP"]
[Date "2009.06.28"]
[Round "5"]
[White "Kulkarni,C"]
[Black "Gagare,Shal"]
[Result "1-0"]
[WhiteElo "2257"]
[BlackElo "2117"]
[EventDate "2009.06.24"]

1. e4 c6 2. d4 d5 3. Nc3 dxe4 4. Nxe4 Bf5 5. Ng3 Bg6 6. h4 h6 7. Nf3 Nd7 8.
h5 Bh7 9. Bd3 Bxd3 10. Qxd3 Qc7 11. Bd2 Ngf6 12. O-O-O O-O-O 13. Ne4 e6 14.
g3 Nxe4 15. Qxe4 Bd6 16. c4 c5 17. d5 Rhe8 18. Qc2 Ne5 19. Nxe5 Bxe5 20.
Rhe1 Bd4 21. dxe6 Rxe6 22. Bf4 Qa5 23. Rxe6 fxe6 24. a3 Rf8 25. Qe2 Qb6 26.
Rd2 Qa6 27. Kb1 Rf6 28. f3 Rf5 29. Rd1 Qc6 30. Rf1 e5 31. Bc1 Rxh5 32. f4
Qg6+ 33. Ka2 e4 34. g4 Rh3 35. f5 Qa6 36. g5 h5 37. f6 gxf6 38. gxf6 Rf3
39. Rxf3 exf3 40. Qe8+ Kc7 41. Bf4+ Kb6 42. Qd8+ 1-0

[Event "5th Open"]
[Site "Sort ESP"]
[Date "2009.06.28"]
[Round "5"]
[White "Deepthamsh,R"]
[Black "Fenil,S"]
[Result "1/2-1/2"]
[WhiteElo "2110"]
[BlackElo "2247"]
[EventDate "2009.06.24"]

1. d4 c5 2. e3 e6 3. Nf3 b6 4. Bd3 Bb7 5. O-O Nf6 6. b3 Be7 7. Bb2 O-O 8.
Nbd2 d6 9. c4 Nbd7 10. Rc1 Rc8 11. Qc2 Qc7 12. Rfd1 Qb8 13. dxc5 Rxc5 14.
Ne4 Bxe4 15. Bxe4 d5 16. Bd3 b5 17. Qb1 dxc4 18. bxc4 bxc4 19. Rxc4 Rb5 20.
Rc2 Rh5 21. Bd4 Qxb1 22. Rxb1 e5 23. g4 Nxg4 24. Bxa7 Bd6 25. Rd2 Ra8 26.
Rb7 Nc5 27. Bxc5 Bxc5 28. Bc4 Rf5 29. Kg2 Bxe3 30. Rdd7 e4 31. Rxf7 exf3+
32. Kg3 Bxf2+ 33. Kxg4 Rxf7 34. Bxf7+ Kf8 35. Kxf3 Ra7 1/2-1/2

[Event "5th Open"]
[Site "Sort ESP"]
[Date "2009.06.28"]
[Round "5"]
[White "Pham Guerrero,S"]
[Black "Anuprita,P"]
[Result "1-0"]
[WhiteElo "2212"]
[BlackElo "2065"]
[EventDate "2009.06.24"]

1. e4 c5 2. Nf3 e6 3. d4 cxd4 4. Nxd4 Nf6 5. Nc3 d6 6. Be3 Be7 7. f3 Nc6 8.
Qd2 O-O 9. O-O-O a6 10. g4 Nd7 11. Kb1 Nxd4 12. Bxd4 b5 13. h4 Qc7 14. g5
b4 15. Na4 Bb7 16. b3 Bc6 17. Nb2 a5 18. h5 Ne5 19. Bxe5 dxe5 20. Bc4 Rfd8
21. Qg2 Rxd1+ 22. Nxd1 Be8 23. g6 h6 24. Rg1 Bf6 25. Nf2 Rd8 26. Qg4 Qb6
27. Nd3 Bb5 28. gxf7+ Kxf7 29. f4 Rxd3 30. fxe5 Bxe5 31. Rf1+ Bf6 32. e5
Bxc4 33. exf6 gxf6 34. Qg6+ Ke7 35. cxd3 Bd5 36. Qxf6+ Kd6 37. Qf8+ Kc6 38.
Rc1+ Kd7 39. Qg7+ Kd6 40. Qxh6 Qd4 41. Qf8+ Kd7 42. Qc8+ Kd6 43. Qc7+ 1-0

[Event "5th Open"]
[Site "Sort ESP"]
[Date "2009.06.28"]
[Round "5"]
[White "Kulkarni,R"]
[Black "Pujari,R"]
[Result "1-0"]
[WhiteElo "2166"]
[BlackElo "2043"]
[EventDate "2009.06.24"]

1. d4 d5 2. c4 e6 3. Nc3 Nf6 4. Bg5 Nbd7 5. Nf3 c6 6. Rc1 h6 7. Bh4 Qb6 8.
Qc2 Be7 9. e3 O-O 10. Bd3 dxc4 11. Bxc4 c5 12. O-O cxd4 13. exd4 Qd6 14.
Bb3 Nb6 15. Rfe1 Bd7 16. Ne5 Rac8 17. Qd3 Bc6 18. Bc2 Rfe8 19. Re3 Nbd5 20.
Rg3 Nxc3 21. Rxg7+ Kxg7 22. Bxf6+ Kxf6 23. Ng4+ Kg5 24. f4+ Kxg4 25. Qh3+
Kxf4 26. Qg3+ 1-0

[Event "5th Open"]
[Site "Sort ESP"]
[Date "2009.06.28"]
[Round "5"]
[White "Bharathi,R"]
[Black "Aranzana Areste,A"]
[Result "1-0"]
[WhiteElo "2081"]
[BlackElo "2022"]
[EventDate "2009.06.24"]

1. e4 e6 2. d4 d5 3. Nd2 Nf6 4. e5 Ne4 5. Nxe4 dxe4 6. Ne2 b6 7. Be3 Bb7 8.
g3 Be7 9. Bg2 Nd7 10. c3 c5 11. Qc2 cxd4 12. Bxd4 Qc7 13. Bxe4 Bc5 14. f4
O-O-O 15. O-O-O Kb8 16. Bxb7 Qxb7 17. Kb1 Be7 18. Bf2 h5 19. Nd4 g6 20. Qa4
Rc8 21. Nxe6 Nf8 22. Nxf8 Rhxf8 23. Rhe1 Rc6 24. Qe4 Rfc8 25. Qd5 Qa6 26.
Qxf7 Ba3 27. Qb3 Bxb2 28. Qxb2 Rxc3 29. e6 Rc2 30. Qe5+ Ka8 31. Qd5+ Kb8
32. Bd4 R8c4 33. Be5+ Kc8 34. Qd7+ 1-0

[Event "5th Open"]
[Site "Sort ESP"]
[Date "2009.06.28"]
[Round "5"]
[White "Beltre,P"]
[Black "Mentink,T"]
[Result "1-0"]
[WhiteElo "1967"]
[BlackElo "1888"]
[EventDate "2009.06.24"]

1. e4 d5 2. exd5 Nf6 3. c4 e6 4. dxe6 Bxe6 5. d4 Qe7 6. Qe2 Nc6 7. Nf3 Bg4
8. Qxe7+ Bxe7 9. Be3 O-O-O 10. d5 Bxf3 11. gxf3 Ne5 12. Be2 Rhe8 13. Nd2
Bb4 14. O-O-O Ng6 15. a3 Bd6 16. Bd3 Nf4 17. Be4 Be5 18. Kb1 g6 19. Rhg1
N6h5 20. Nb3 f5 21. Bc2 Nh3 22. Rgf1 b6 23. Nc1 Bxh2 24. Ba4 Re7 25. Rh1
Rxe3 26. fxe3 Nf2 27. Rxh2 Nxd1 28. Bxd1 c6 29. e4 cxd5 30. cxd5 fxe4 31.
fxe4 Nf6 32. Bc2 Rd7 33. Nb3 Ng4 34. Rh4 h5 35. Nd4 Rf7 36. Ne6 Rf1+ 37.
Ka2 Rf2 38. Bd3 Ne5 39. Ba6+ Kd7 40. Rf4 Rxf4 41. Nxf4 h4 42. Nh3 Kd6 43.
b4 Nf7 44. Kb2 g5 45. Bc8 Ke5 46. Bf5 Kd4 47. Be6 Ne5 48. Nxg5 Nd3+ 49. Kc2
Nf4 50. d6 Nxe6 51. Nxe6+ 1-0

[Event "5th Open"]
[Site "Sort ESP"]
[Date "2009.06.28"]
[Round "5"]
[White "Shristi,J"]
[Black "Solsona Manonelles,J"]
[Result "1-0"]
[WhiteElo "1949"]
[BlackElo "1762"]
[EventDate "2009.06.24"]

1. e4 e6 2. d3 d5 3. Nd2 Nf6 4. g3 c5 5. Bg2 Nc6 6. Ngf3 dxe4 7. dxe4 e5 8.
O-O Be7 9. c3 O-O 10. Qc2 Qc7 11. Nc4 Be6 12. Ne3 Rad8 13. Ng5 Bc8 14. Nd5
Nxd5 15. exd5 Na5 16. Qxh7+ 1-0

[Event "5th Open"]
[Site "Sort ESP"]
[Date "2009.06.29"]
[Round "6"]
[White "Pogorelov,R"]
[Black "Burmakin,V"]
[Result "1-0"]
[WhiteElo "2420"]
[BlackElo "2605"]
[EventDate "2009.06.24"]

1. d4 d5 2. c4 c6 3. Nf3 Nf6 4. Nc3 a6 5. e3 b5 6. c5 g6 7. b4 a5 8. bxa5
Qxa5 9. Bd2 b4 10. Nb1 Ne4 11. a3 Nxd2 12. Nfxd2 e5 13. Nb3 Qa4 14. Bd3
bxa3 15. Rxa3 Qb4+ 16. Qd2 Qxd2+ 17. Kxd2 Rxa3 18. Nxa3 exd4 19. exd4 Bh6+
20. Kc3 Bf4 21. Nc2 Kd8 22. g3 Bc7 23. Ra1 h5 24. h4 Re8 25. Ra8 Re6 26.
Kd2 Bb7 27. Ra7 Kc8 28. Na5 Bxa5+ 29. Rxa5 Nd7 30. Ne3 Nf6 31. f3 Kb8 32.
Ng2 Re7 33. Nf4 Bc8 34. Bc2 Bb7 35. Ra3 Kc7 36. Re3 Kd8 37. Rxe7 Kxe7 38.
Nd3 Nd7 39. Ba4 Kf6 40. Ke3 Kf5 41. Nb4 Nb8 42. Bc2+ Kf6 43. Kf4 Na6 44.
Nxa6 Bxa6 45. Ba4 Bb7 46. g4 Ba8 47. Kg3 hxg4 48. fxg4 g5 49. h5 Bb7 50.
Bc2 Kg7 51. Bf5 Ba6 52. Bd7 Bb5 53. Kf2 Kh6 54. Ke3 f6 55. Kd2 Kg7 56. Kc3
Kf7 57. Kb4 Ke7 58. h6 Kf7 59. Bf5 Be2 60. Ka5 Bf3 61. Kb6 Be4 62. Bd7 Kg6
63. Kxc6 Kxh6 64. Kd6 f5 65. c6 1-0

[Event "5th Open"]
[Site "Sort ESP"]
[Date "2009.06.29"]
[Round "6"]
[White "Udeshi,A"]
[Black "Kohlweyer,B"]
[Result "1/2-1/2"]
[WhiteElo "2281"]
[BlackElo "2435"]
[EventDate "2009.06.24"]

1. e4 c5 2. Nf3 e6 3. d4 cxd4 4. Nxd4 Nf6 5. Nc3 d6 6. Bc4 Be7 7. Be3 O-O
8. Qe2 a6 9. Bb3 b5 10. f3 Bb7 11. O-O-O Nbd7 12. g4 Nc5 13. g5 Nfd7 14. h4
b4 15. Na4 Nxa4 16. Bxa4 Qc8 17. Bxd7 1/2-1/2

[Event "5th Open"]
[Site "Sort ESP"]
[Date "2009.06.29"]
[Round "6"]
[White "Debashis,D"]
[Black "Movsziszian,K"]
[Result "0-1"]
[WhiteElo "2352"]
[BlackElo "2556"]
[EventDate "2009.06.24"]

1. e4 g6 2. d4 Bg7 3. Nc3 d6 4. Be3 c6 5. Qd2 b5 6. Bd3 Nd7 7. a4 b4 8.
Nce2 a5 9. Nf3 Ngf6 10. O-O O-O 11. h3 e5 12. dxe5 dxe5 13. c3 Rb8 14. cxb4
Rxb4 15. Ng3 Re8 16. Qc2 Bf8 17. Rfd1 Qc7 18. Rac1 Nb8 19. Bc4 Be6 20. Bxe6
Rxe6 21. Nd2 Nfd7 22. Nc4 Rb7 23. Bd2 Bb4 24. Ne3 Bc5 25. Nc4 Bb4 26. Ne3
Qd8 27. Bxb4 Rxb4 28. Rd2 Na6 29. Rcd1 Rb7 30. Qc4 Nab8 31. Qc3 Rb4 32. b3
Kf8 33. Nc4 Qc7 34. Qe3 Kg7 35. h4 h6 36. h5 Nf6 37. hxg6 fxg6 38. Nf5+
gxf5 39. exf5 Re8 40. Rd6 Qf7 41. R1d3 e4 42. Rc3 Nbd7 43. Qd4 Kh7 44. Rg3
Rg8 45. Rxg8 Kxg8 46. Qc3 c5 47. g3 Rb8 48. Ne5 Rxb3 49. Qa1 Nxe5 50. Qxe5
Kg7 51. Re6 Rb7 52. Kg2 c4 53. Qxa5 Qh5 54. Rxf6 Qf3+ 55. Kh3 Kxf6 56. Qa6+
Kxf5 57. Qa5+ Kg6 0-1

[Event "5th Open"]
[Site "Sort ESP"]
[Date "2009.06.29"]
[Round "6"]
[White "Deshpande,Ani"]
[Black "Priyadharshan,K"]
[Result "1/2-1/2"]
[WhiteElo "2211"]
[BlackElo "2411"]
[EventDate "2009.06.24"]

1. e4 c5 2. Nf3 Nc6 3. d4 cxd4 4. Nxd4 Qb6 5. Nb3 Nf6 6. Nc3 e6 7. Bd3 a6
8. O-O d6 9. a4 Qc7 10. a5 Nd7 11. f4 Be7 12. Be3 O-O 13. Na4 Re8 14. Qf3
Nb4 15. Nb6 Nxb6 16. Bxb6 Qb8 17. Rad1 Bd7 18. c3 Nxd3 19. Qxd3 d5 20. exd5
exd5 21. Nd4 Bf6 22. Qf3 Qd6 23. Nc2 Bc6 24. Nb4 Qe6 25. Nxd5 Bd8 26. f5
Bxb6+ 27. axb6 Qe5 28. f6 g6 29. Qh3 Bxd5 30. Qh6 Qe3+ 31. Qxe3 Rxe3 32.
Rxd5 Re6 33. Rd7 Rxb6 34. b4 h5 35. Rc7 Re8 36. h3 Ree6 37. Rc8+ Kh7 38.
Rf8 Rxf6 39. Rxf7+ Rxf7 40. Rxf7+ Kh6 41. Rc7 1/2-1/2

[Event "5th Open"]
[Site "Sort ESP"]
[Date "2009.06.29"]
[Round "6"]
[White "Pham Guerrero,S"]
[Black "Roeder,M"]
[Result "0-1"]
[WhiteElo "2212"]
[BlackElo "2426"]
[EventDate "2009.06.24"]

1. e4 g6 2. d4 Bg7 3. Nc3 d6 4. Be3 a6 5. Qd2 Nd7 6. f4 b5 7. a3 Bb7 8. Nf3
Ngf6 9. Bd3 Rc8 10. h3 c5 11. e5 Bxf3 12. gxf3 cxd4 13. Bxd4 Nh5 14. O-O-O
Nxf4 15. exd6 Bxd4 16. Qxf4 Be5 17. Qe3 Rxc3 18. bxc3 Bxd6 19. Qh6 Qc7 20.
Kb1 Qxc3 21. Bxb5 axb5 22. Rd3 Qf6 23. Rhd1 Nc5 24. Rd5 Na4 0-1

[Event "5th Open"]
[Site "Sort ESP"]
[Date "2009.06.29"]
[Round "6"]
[White "Girish,A"]
[Black "Abhishek,K"]
[Result "1-0"]
[WhiteElo "2270"]
[BlackElo "2178"]
[EventDate "2009.06.24"]

1. d4 d5 2. Nf3 Nf6 3. c4 c6 4. cxd5 cxd5 5. Nc3 Nc6 6. Bf4 Bf5 7. e3 e6 8.
Rc1 Rc8 9. Qb3 Bb4 10. Ne5 O-O 11. Nxc6 Bxc3+ 12. bxc3 Rxc6 13. Qa3 Qb6 14.
f3 Rfc8 15. Be2 Nh5 16. Bg5 e5 17. Kf2 f6 18. Bh4 g5 19. Bg3 Nf4 20. Rhe1
Nxe2 21. Rxe2 exd4 22. exd4 Bd3 23. Re3 Qa6 24. Qe7 Qxa2+ 25. Kg1 Bg6 26.
Qxb7 Rxc3 27. Rcxc3 Rxc3 28. Qb8+ Kg7 29. Re7+ Bf7 30. Qb7 Rc1+ 31. Be1 Kg6
32. h4 Qd2 33. h5+ Kxh5 34. Kh2 Rxe1 35. Rxe1 Qf4+ 36. g3 Qd2+ 37. Kh3 Kg6
38. Qb1+ Kg7 39. Re7 Qxd4 40. Qb7 Qd3 41. Rxf7+ Kg6 42. Rg7+ Kh6 43. Rc7
Qf1+ 44. Kg4 f5+ 45. Kxf5 Qxf3+ 46. Ke6 Qe3+ 47. Kf7 Qe4 48. Rc6+ Kh5 49.
Qd7 g4 50. Rf6 Kg5 51. Qd8 Kh5 52. Rh6+ 1-0

[Event "5th Open"]
[Site "Sort ESP"]
[Date "2009.06.29"]
[Round "6"]
[White "Kulkarni,R"]
[Black "Kulkarni,C"]
[Result "1/2-1/2"]
[WhiteElo "2166"]
[BlackElo "2257"]
[EventDate "2009.06.24"]

1. d4 Nf6 2. c4 c5 3. d5 b5 4. f3 d6 5. e4 g6 6. Na3 b4 7. Nc2 Bg7 8. Bd3
O-O 9. Ne2 e6 10. dxe6 fxe6 11. O-O Nc6 12. f4 Kh8 13. Ng3 Ng8 14. Qe2 Nge7
1/2-1/2

[Event "5th Open"]
[Site "Sort ESP"]
[Date "2009.06.29"]
[Round "6"]
[White "Fandino Reyes,R"]
[Black "Colovic,A"]
[Result "0-1"]
[WhiteElo "2185"]
[BlackElo "2443"]
[EventDate "2009.06.24"]

1. e4 c5 2. Nf3 e6 3. Nc3 d6 4. Bb5+ Nd7 5. O-O a6 6. Be2 Ngf6 7. a4 b6 8.
Re1 Be7 9. Bf1 Bb7 10. d3 O-O 11. h3 Qc7 12. Bf4 Rad8 13. Qc1 Ne5 14. Nd2
Nc6 15. Nc4 Nd7 16. Ne3 Nd4 17. Bh2 Ne5 18. Qd1 Bh4 19. Qh5 g6 20. Qd1 f5
21. Bxe5 dxe5 22. exf5 exf5 23. Nc4 Rfe8 24. Ne2 e4 25. Nxd4 cxd4 26. dxe4
fxe4 27. Qg4 Bf6 28. Qg3 Qxg3 29. fxg3 Re6 30. Rad1 Rc8 31. Be2 Rc5 32. Bg4
Re7 33. b3 b5 34. axb5 axb5 35. Nd6 Bc6 36. Nc8 Rc7 37. Nd6 e3 38. Re2 Be5
39. Nc8 Bb7 40. Na7 Ba6 41. b4 Rc3 42. Kh2 Rxa7 43. Ra1 Rc6 44. Ra2 Rac7
45. Bf3 Rd6 46. h4 Bb7 47. Ra5 Bxf3 48. gxf3 Rdc6 49. Ra2 Bd6 0-1

[Event "5th Open"]
[Site "Sort ESP"]
[Date "2009.06.29"]
[Round "6"]
[White "Fenil,S"]
[Black "Bharathi,R"]
[Result "1-0"]
[WhiteElo "2247"]
[BlackElo "2081"]
[EventDate "2009.06.24"]

1. e4 c6 2. d4 d5 3. f3 e6 4. Nc3 Bb4 5. Bf4 Nf6 6. Qd3 c5 7. O-O-O c4 8.
Qe3 Qa5 9. Nge2 O-O 10. g4 Nc6 11. a3 Bxc3 12. Nxc3 dxe4 13. fxe4 e5 14.
dxe5 Nxg4 15. Qg3 Be6 16. h3 Ngxe5 17. Rd5 Bxd5 18. exd5 Rfe8 19. dxc6 bxc6
20. Rg1 Ng6 21. Bxc4 Qc5 22. Bb3 Qd4 23. Rf1 Re7 24. Bg5 Rd7 25. Qg2 Qe5
26. h4 Re8 27. Kb1 Qc7 28. h5 Nf8 29. Ne4 1-0

[Event "5th Open"]
[Site "Sort ESP"]
[Date "2009.06.29"]
[Round "6"]
[White "Meera,S"]
[Black "Saranya,J"]
[Result "1-0"]
[WhiteElo "2155"]
[BlackElo "1981"]
[EventDate "2009.06.24"]

1. e4 c5 2. Nc3 Nc6 3. f4 e6 4. Nf3 d5 5. Bb5 Nge7 6. O-O a6 7. Bxc6+ Nxc6
8. b3 Be7 9. Bb2 O-O 10. d3 b5 11. Qe1 Nb4 12. Qf2 d4 13. Nb1 Bd6 14. Bc1
f5 15. a3 Nc6 16. e5 Be7 17. Kh1 Qb6 18. Nbd2 Bd8 19. Bb2 Ne7 20. b4 cxb4
21. Bxd4 Qc7 22. axb4 Nd5 23. Bc5 Be7 24. Bxe7 Qxe7 25. Qc5 Qxc5 26. bxc5
Nxf4 27. Nd4 g5 28. N2f3 h6 29. Nxb5 Bb7 30. Nd6 Bc6 31. Rf2 Ra7 32. Nd4
Bd5 33. Rxf4 gxf4 34. c4 Ba8 35. Nxe6 Rb8 36. Nxf4 Rc7 37. d4 Be4 38. h3
Rb1+ 39. Rxb1 Bxb1 40. Nd5 Rg7 41. c6 Be4 42. c7 1-0

[Event "5th Open"]
[Site "Sort ESP"]
[Date "2009.06.29"]
[Round "6"]
[White "Devangi,P"]
[Black "Deepthamsh,R"]
[Result "0-1"]
[WhiteElo "2078"]
[BlackElo "2110"]
[EventDate "2009.06.24"]

1. e4 c5 2. Nf3 d6 3. d4 cxd4 4. Nxd4 Nf6 5. Nc3 a6 6. Bc4 e6 7. Bb3 b5 8.
Qf3 Qb6 9. Be3 Qb7 10. O-O-O Be7 11. Qg3 O-O 12. Bh6 Ne8 13. Nd5 Bd8 14. h4
Nd7 15. h5 Kh8 16. Be3 Nc5 17. h6 g6 18. Nc3 Nxb3+ 19. Nxb3 b4 20. Ne2 Qxe4
21. Rd4 Qb7 22. Bf4 Be7 23. Bxd6 Nxd6 24. Rxd6 Bxd6 25. Qxd6 Kg8 26. Rd1
Qxg2 27. Qf4 Qh3 28. Ng3 e5 29. Qe3 Qh4 30. Ne2 Qf6 31. Nc5 a5 32. Rd5 Re8
33. f4 Bg4 34. Ne4 Qh4 35. fxe5 Qe1+ 36. Rd1 Qxe2 37. Qxe2 Bxe2 38. Nf6+
Kh8 39. Rd7 Rad8 40. e6 Rxd7 41. exd7 Rd8 0-1